000 00276nam a22001097a 4500
008 170119b xxu||||| |||| 00| 0 eng d
020 _a0867204397
041 _aeng
080 _a618.2
245 _aMANAGEMENT AND LEADERSHIP FOR NURSE MANAGERS
_cSWANSBURG, R.C
942 _2udc
_cBK
999 _c3193
_d3193